00887nam a22001697a 4500003000400000005001700004008004100021040000900062110004800071245018000119260009100299300001100390500019600401650003000597700003100627711005900658OSt20131128112913.0130521s1996 sp ||||| |||| 00| 0 cat d cCDMR1 aCentre d'Investigació de la Comunicació10aBibliografia sobre empresa i professió periodísticab: aportacions de Catalunya, Balears i la Comunitat Valenciana, 1906-1996c[coordinador de l'edició, Daniel E. Jones] aBarcelonabGeneralitat de Catalunya. Centre d'Investigació de la Comunicacióc1996 a111 p. aContribució del Centre d'Investigació de la Comunicació al III Congrés de Periodistes Catalans (Barcelona: Col·legi de Periodistes de Catalunya, 29 de novembre-1 de desembre de 1996)04aEmpreses periodístiques1 aJones, Daniel Evanecoord.2 aCongrés de Periodistes CatalanscBarcelonad1996n3r